000
00275nam a2200121Ia 4500
008
190216s9999||||xx |||||||||||||| ||und||
100
_a
Ahuja H L
245
0
_a
Modern Micro Economics
260
_b
S Chand & Co
_c
1983
300
_a
580 pag
650
_a
Economics
942
_c
BK
999
_c
9877
_d
9877